| 000 | 00364nam a2200145Ia 4500 | ||
|---|---|---|---|
| 008 | 231217s9999 xx 000 0 und d | ||
| 041 | _aEnglish | ||
| 082 | _a670.42 RAG.1;4 | ||
| 100 | _aRaghuwanshi, B S. | ||
| 245 | 2 | _aA course in workshop technology V.1 | |
| 250 | _a10th ed. | ||
| 260 |
_c2009 _bDhanpat Rai _aNew Delhi |
||
| 300 | _aiv+522 | ||
| 942 | _cAA | ||
| 999 |
_c164078 _d164078 |
||